000 00317nam a22001337a 4500
008 170601b xxu||||| |||| 00| 0 eng d
020 _a9780312448417
041 _aeng
080 _23RD
_a94(7/8)
100 _a17
101 _aSHH
245 _aTHE AMERICAN PROMISE A COMPACT HISTORY
_cROARK,J.L
942 _2udc
_cBK
999 _c15365
_d15365